Words Containing 'Turn' - Statistics

General Stats
  • This quiz has been taken 37 times
  • The average score is 6 of 9
Answer Stats
Hint Answer % Correct
A circular revolving plate on which DJs play vinyl records. Turntable
94%
A root vegetable in the mustard family. Turnip
87%
A revolving mechanical gate that only allows one person at a time to pass through. Turnstile
68%
Something causing a loss of sexual interest. Turnoff
65%
That which is done, occurs, or is active at night. Nocturnal
61%
A person who deserts one party or cause in order to join an opposing one. Turncoat
58%
An expressway, especially one on which a toll is charged. Turnpike
52%
The behavior of a reserved or uncommunicative person. Taciturn
48%
Someone who guards prisoners OR a product or service ready for immediate use. Turnkey
39%
No matching quizzes found
Score Distribution
Percent of People with Each Score
Percentile by Number Answered
Your Score History
You have not taken this quiz